|
|
|
|
| LEADER |
00000nam0a2200000 4500 |
| 001 |
267505 |
| 005 |
20231101234103.0 |
| 020 |
|
|
|a RU
|b 87-10543
|
| 035 |
|
|
|a (RuTPU)RU\TPU\book\290562
|
| 090 |
|
|
|a 267505
|
| 100 |
|
|
|a 20140730d1987 k y0rusy5003 ca
|
| 101 |
0 |
|
|a rus
|
| 102 |
|
|
|a RU
|
| 105 |
|
|
|a y z 000zy
|
| 200 |
1 |
|
|a Эффективность внедрения новой техники в строительстве нефтегазовых объектов
|f С. И. Бакшеева
|
| 210 |
|
|
|a Москва
|c Недра
|d 1987
|
| 215 |
|
|
|a 141с.
|
| 225 |
1 |
|
|a Курсом ускорения науч.-технического прогресса
|
| 320 |
|
|
|a Библиогр.: с. 140-141
|
| 606 |
1 |
|
|a Нефтегазодобывающие предприятия
|x Планировка и строительство
|2 stltpush
|3 (RuTPU)RU\TPU\subj\45575
|9 64769
|
| 610 |
1 |
|
|a научно-технический прогресс
|
| 610 |
1 |
|
|a экономическая оценка
|
| 610 |
1 |
|
|a методы
|
| 610 |
1 |
|
|a совершенствование
|
| 610 |
1 |
|
|a планирование
|
| 610 |
1 |
|
|a внедрение
|
| 610 |
1 |
|
|a экономическое стимулирование
|
| 675 |
|
|
|a 622.323.012:69
|v 3
|
| 700 |
|
1 |
|a Бакшеева
|b С. И.
|g София Ивановна
|4 070
|
| 801 |
|
0 |
|a RU
|b RuMRKP
|c 19950417
|g psbo
|
| 801 |
|
1 |
|a RU
|b 63413507
|c 20140730
|
| 801 |
|
2 |
|a RU
|b 63413507
|c 20160704
|g RCR
|
| 942 |
|
|
|c BK
|